Catálogo - Centro de Recursos para el Aprendizaje y la Investigación

Volver al Sitio - CRAI Biblioteca

IUDICIS: (Registro nro. 114011)

Detalles MARC
000 -CABECERA
campo de control de longitud fija 00903nam a2200229 4500
001 - NÚMERO DE CONTROL
campo de control 114011
003 - IDENTIFICADOR DEL NÚMERO DE CONTROL
campo de control DR-UNIBE
005 - FECHA Y HORA DE LA ÚLTIMA TRANSACCIÓN
campo de control 20250804161036.0
008 - DATOS DE LONGITUD FIJA--INFORMACIÓN GENERAL
campo de control de longitud fija 250804b2001 sp ||||| |||| 00| 0 spa d
040 ## - FUENTE DE LA CATALOGACIÓN
Centro catalogador/agencia de origen BIBLIOTECA UNIBE
Lengua de catalogación spa
Centro/agencia transcriptor BIBLIOTECA UNIBE
Normas de descripción rda
041 ## - CÓDIGO DE LENGUA
Código de lengua del texto/banda sonora o título independiente spa
082 ## - NÚMERO DE LA CLASIFICACIÓN DECIMAL DEWEY
Número de edición 22
Número de clasificación 347.01 I92r
245 10 - MENCIÓN DE TÍTULO
Título IUDICIS:
Resto del título red de cortes y tribunales supremos de justicia = Network of Supreme Courts of justice
Mención de responsabilidad, etc. Washington 5 de junio de 2000
260 ## - PUBLICACIÓN, DISTRIBUCIÓN, ETC.
Lugar de publicación, distribución, etc. Madrid :
Nombre del editor, distribuidor, etc. Editorial Comunica,
Fecha de publicación, distribución, etc. 2001
300 ## - DESCRIPCIÓN FÍSICA
Extensión 136 páginas:
Dimensiones 20 x 13 cm
490 ## - MENCIÓN DE SERIE
Mención de serie Colección Utopos
500 ## - NOTA GENERAL
Nota general Texto en español, e inglés
505 ## - NOTA DE CONTENIDO CON FORMATO
Nota de contenido con formato Sesión I. Antecedentes y planes para IUDICIS |<br/>Sesión II. Ideas y planes para futuras cumbres |<br/>Anexo. Relación de participantes
650 #7 - PUNTO DE ACCESO ADICIONAL DE MATERIA--TÉRMINO DE MATERIA
Fuente del encabezamiento o término lemb
Término de materia o nombre geográfico como elemento de entrada Cortes de justicia
Subdivisión general Redes
9 (RLIN) 198190
650 #7 - PUNTO DE ACCESO ADICIONAL DE MATERIA--TÉRMINO DE MATERIA
Fuente del encabezamiento o término lemb
Término de materia o nombre geográfico como elemento de entrada Tribunales de justicia
Subdivisión general Redes
9 (RLIN) 198191
942 ## - ELEMENTOS DE PUNTO DE ACCESO ADICIONAL (KOHA)
Fuente del sistema de clasificación o colocación Sistema de Clasificación Decimal Dewey
Tipo de ítem Koha Libro (general)
Existencias
Estado de retiro Estado de pérdida Fuente del sistema de clasificación o colocación No para préstamo Código de colección Localización permanente Fecha de adquisición Total de préstamos Signatura topográfica completa Código de barras Fecha visto por última vez Número de copia Precio válido a partir de Tipo de ítem Koha
  Disponible Sistema de Clasificación Decimal Dewey   General Biblioteca Central UNIBE 10/07/2025   347.01 I92r 250919 04/08/2025 Ej. 1 04/08/2025 Libro (general)